000
00307nam a22001457a 4500
008
210308b ||||| |||| 00| 0 eng d
020
_a
0805364692
041
_a
eng
080
_a
611
082
_a
611
100
_a
6
101
_a
ANA
245
_a
Anatomy & Physiology
_c
Marieb, E.N
942
_2
udc
_c
BK
999
_c
55943
_d
55943